000 01085cam a22003494a 4500
001 4589
003 FISKH
005 20260327142847.0
008 051102s2006 caua j 000 0 spa
010 _a 2005031696
020 _a9780811854948 (library edition)
020 _a9780618932870
020 _a0811854949 (library edition)
020 _a9780811854955 (pbk.)
020 _a0811854957 (pbk.)
040 _aDLC
_cDLC
_dDLC
_beng
050 _aQL638.S557
082 _a597.3
100 1 _aSimon, Seymour.
245 1 0 _aIncredible Sharks /
_cSeymour Simon ; [translation by Elizabeth Bell].
260 _aBoston :
_bHoughton Mifflin,
_c2003.
300 _a30 pages :
_bcolor illustrations ;
_c23 cm
490 1 _aSee More readers
505 _aM
520 _aAn introduction to the physical characteristics and behavior of various kinds of sharks.
521 8 _a550
_bLexile
521 8 _aM
_bRaz-Plus
650 0 _aSharks
_vJuvenile literature.
906 _a7
_bcbc
_corignew
_d1
_eecip
_f20
_gy-gencatlg
942 _2ddc
_cBK
_n0
999 _c4589
_d4589